=LDR 00000nam 2200000 4500 =001 INLIS000000000042213 =005 20201019100949 =035 ##$$a 0010-101300000000135 =008 201019################g##########0#ind## =041 ##$$a Ind =082 ##$$a 320 =090 ##$$a 320, Mul p.2 =100 ##$$a Mulgan, Geoff =245 1#$$a Politik dalam sebuah era anti-politik /$c Geoff Mulgan =260 ##$$a Jakarta :$b Yayasan Obor Indonesia,$c 1995 =300 ##$$a xxxiii, 294 hlm. ; $c 14x21 cm. =850 ##$$a NBPNMAT =020 ##$$a 979-461-206-5 =084 ##$$a 320 MUL p =650 #4$$a politik =504 ##$$a indeks : hlm.282 - 294 =990 ##$$a 85.244 pro.95